000
00268nam a2200109Ia 4500
008
190914s9999||||xx |||||||||||||| ||und||
100
_a
Thomas Finney
245
0
_a
Calculus and Analytic Geometry
260
_a
New Delhi
_b
Addision
_c
2002
300
_a
66
942
_c
BK
999
_c
9230
_d
9230